El romanticismo. / (Registro nro. 40274)
[ vista simple ]
| 000 -CABECERA | |
|---|---|
| campo de control de longitud fija | 00693nam a2200217 a 4500 |
| 001 - NÚMERO DE CONTROL | |
| campo de control | 000040784 |
| 005 - FECHA Y HORA DE LA ÚLTIMA TRANSACCIÓN | |
| campo de control | 20201002034357.0 |
| 008 - DATOS DE LONGITUD FIJA--INFORMACIÓN GENERAL | |
| campo de control de longitud fija | 130906s2007 sp a 000 0 spa d |
| 020 ## - NÚMERO INTERNACIONAL ESTÁNDAR DEL LIBRO | |
| Número Internacional Estándar del Libro | 9788420670201 |
| 040 ## - FUENTE DE LA CATALOGACIÓN | |
| Centro catalogador/agencia de origen | DO-SdBNP |
| Lengua de catalogación | spa |
| Centro/agencia transcriptor | BNPHU |
| 082 ## - NÚMERO DE LA CLASIFICACIÓN DECIMAL DEWEY | |
| Número de clasificación | xxx |
| Número de documento/Ítem | xxx |
| 100 1# - ENTRADA PRINCIPAL--NOMBRE DE PERSONA | |
| Nombre de persona | Honour, Hugh |
| 9 (RLIN) | 67201 |
| 245 13 - MENCIÓN DE TÍTULO | |
| Título | El romanticismo. / |
| Mención de responsabilidad, etc. | Hugh Honour; traductor, Remigio Gómez Díaz. |
| 260 ## - PUBLICACIÓN, DISTRIBUCIÓN, ETC. | |
| Lugar de publicación, distribución, etc. | Madrid, : |
| Nombre del editor, distribuidor, etc. | Alianza editorial, |
| Fecha de publicación, distribución, etc. | 2007. |
| 490 1# - MENCIÓN DE SERIE | |
| Mención de serie | Alianza forma |
| 500 ## - NOTA GENERAL | |
| Nota general | la biblioteca posee la novena reimpresión del 2007 |
| 504 ## - NOTA DE BIBLIOGRAFÍA, ETC. | |
| Nota de bibliografía, etc. | Bibliografía p: 385-390 |
| 500 ## - NOTA GENERAL | |
| Nota general | Incluye índice analítico |
| 700 1# - PUNTO DE ACCESO ADICIONAL--NOMBRE DE PERSONA | |
| Nombre de persona | Gómez Díaz, Remigio |
| Término indicativo de función/relación | trad. |
| 9 (RLIN) | 67202 |
| 830 #0 - PUNTO DE ACCESO ADICIONAL DE SERIE-TÍTULO UNIFORME | |
| Título uniforme | Alianza forma |
| 9 (RLIN) | 67203 |
| Estado de retiro | Estado de pérdida | Restricciones de uso | No para préstamo | Código de colección | Localización permanente | Ubicación/localización actual | Ubicación en estantería | Fecha de adquisición | Número de inventario | Total de préstamos | Signatura topográfica completa | Código de barras | Fecha visto por última vez | Precio válido a partir de | Tipo de ítem Koha |
|---|---|---|---|---|---|---|---|---|---|---|---|---|---|---|---|
| Excluido de préstamo | Monografías: Libros y Folletos | General | General | En catalogación | 06.09.2013 | LF1 | xxx xxx | 40784-10 | 25.06.2020 | 25.06.2020 | No se presta |
